Welcome to the Holygrace Academy Library

Please use search bar below to get started

ACTS OF FAITH (Record no. 3459)

MARC details
000 -LEADER
fixed length control field 00605nam a22001457a 4500
020 ## - INTERNATIONAL STANDARD BOOK NUMBER
ISBN 0-553-56070-0
082 ## - DEWEY DECIMAL CLASSIFICATION NUMBER
Classification number 823
Item number SEG/A
100 ## - MAIN ENTRY--AUTHOR NAME
Personal name SEGAL,ERICH
245 ## - TITLE STATEMENT
Title ACTS OF FAITH
260 ## - PUBLICATION, DISTRIBUTION, ETC. (IMPRINT)
Place of publication NEW YORK
Name of publisher BANTAM BOOKS
300 ## - PHYSICAL DESCRIPTION
Number of Pages 529
520 ## - SUMMARY, ETC.
Summary, etc They met as children, innocents from two different worlds. And from that moment their lives were fated to be forever entwined. Timothy : Abandoned at birth, he finds a home–and a dazzling career–within the Catholic Church. But the vows he takes cannot protect him from one soul-igniting passion.<br/>
650 ## - SUBJECT ADDED ENTRY--TOPICAL TERM
Topical Term NOVEL- ENGLISH
Geographic subdivision NEW YORK
942 ## - ADDED ENTRY ELEMENTS (KOHA)
Koha item type Books
Holdings
Withdrawn status Lost status Collection code Home library Current library Shelving location Date acquired Source of acquisition Full call number Accession Number Koha item type
    Fiction Main Library Main Library SHELF 2-J-ENGLISH NOVELS FOR TEACHERS 19/06/2010 PURCHASE 823 SEG/A 05473 Books